| Registos Bibliográficos associados ao registo de autoridade |
|
Etiqueta de registo: 00254nls 2200025 450 001 1905255 003 http://id.bnportugal.gov.pt/bib/catbnp/1905255 011 ## $a2183-5810$f2183-5810 100 ## $a20150709a20159999m y0pory01030103ba 101 0# $apor 102 ## $aPT 106 ## $as 110 ## $aajazz 0uu0 135 ## $avrcu ---uuuuu 200 1# $aDL$bRecurso eletrónico]$erevista online do curso de Design de Comunicação da ULP$fed. Ana Sofia Bastos, Carla Cadete 207 #0 $aNº 1 (jun. 2015)- 210 #9 $aPorto$cUniversidade Lusófona do Porto,$d2015- 230 ## $aRecurso em linha 303 ## $aDescrição baseada na data de consulta de: 9 julho 2015 304 ## $aTít. do ecrã de apresentação 326 ## $aSemestral 336 ## $aDados textuais e imagens 337 ## $aModo de acesso: World Wide Web 530 1# $aDL$b(Universidade Lusófona do Porto) 532 10 $aDesign Lusófona 620 ## $dPorto 675 ## $a7.05(05)(0.034)$vBN$zpor$31616303 702 #1 $92$aBastos,$bAna Sofia$4340$31614680 702 #1 $92$aCadete,$bCarla$4340$31614681 712 02 $aUniversidade Moderna do Porto$4650$31019422 801 #0 $aPT$bBN$gRPC 802 ## $a18 856 40 $uhttp://revistas.ulusofona.pt/index.php/revistacursodesign/index 995 ## $aR-ISSN $d20150709$issilva
Etiqueta de registo: 00254nam 2200025 450 001 2284388 003 http://id.bnportugal.gov.pt/bib/catbnp/2284388 010 ## $a978-989-9267-42-8 021 ## $aPT$b559762/26 100 ## $a20260414d2026 k y0pory01030103ba 101 0# $apor$aeng 102 ## $aPT 105 ## $aa z 000yy 106 ## $ar 200 1# $a O ensino do design$eabordagens em contexto académico$dDesign education$eapproaches in academic context$fCarla Cadete$gpref. Moisés de Lemos Martins, Francisco Providência$gposf. Elisabete Pinto da Costa$zeng 205 ## $a1ª ed 210 #9 $aPorto$cBook Cover,$d2026 215 ## $a294, [1] p.$cil.$d21 cm 510 1# $aDesign education$eapproaches in academic context$zeng 700 #1 $92$aCadete,$bCarla$31614681 702 #1 $aMartins,$bMoisés de Lemos,$f1953-$4080$386979 702 #1 $aProvidência,$bFrancisco,$f1961-$4080$3210406 702 #1 $aCosta,$bElisabete Pinto da,$f197?- $4075$31674203 801 #0 $aPT$bBN$gRPC 966 ## $lBN$mFGMON$x1 971 ## $cssilva$d20260414
|
|
|